The Jam Top 20 Streams - Statistics

General Stats
  • This quiz has been taken 10 times
    4 since last reset
  • The average score is 9 of 20
Answer Stats
Answer Streams % Correct
Down in the Tube Station at Midnight 10 million
100%
Going Underground 62 million
100%
Beat Surrender 6 million
75%
Start 17 million
75%
That's Entertainment 65 million
75%
The Eton Rifles 13 million
75%
Town Called Malice 208 million
75%
David Watts 4.4 million
50%
English Rose 15 million
50%
In The City 26 million
50%
A Bomb in Wardour Street 2.7 million
25%
Absolute Beginners 2.7 million
25%
Strange Town 4 million
25%
The Bitterest Pill (I Ever Had to Swallow) 8.3 million
25%
The Butterfly Collector 3.3 million
25%
Art School 4.1 million
0%
Ghosts 8.1 million
0%
Heatwave 2.7 million
0%
The Modern World 4.3 million
0%
To Be Someone 2.6 million
0%
No matching quizzes found
Score Distribution
Percent of People with Each Score
Percentile by Number Answered
Your Score History
You have not taken this quiz since the last reset